[Event "SRB-ch Central (Women)"]
[Site "Kragujevac"]
[Date "2015.03.15"]
[Round "8"]
[White "Dizdarevic, Barbara"]
[Black "Panic, Anastasija"]
[Result "1-0"]
[WhiteElo "1994"]
[BlackElo "1911"]
[PlyCount "41"]
[EventDate "2015.03.09"]
[EventType "swiss"]
[EventRounds "8"]
[EventCountry "SRB"]
[SourceTitle "CBM 165 Extra"]
[Source "ChessBase"]
[SourceDate "2015.04.21"]
[SourceVersion "1"]
[SourceVersionDate "2015.04.21"]
[SourceQuality "1"]

1. e4 c5 2. Nf3 e6 3. d4 cxd4 4. Nxd4 a6 5. Bd3 Qc7 6. 0-0 Nf6 7. c4 Bc5 8. Nb3 Ba7 9. Nc3 Nc6 10. Kh1 b6 11. Qf3 Bb8 12. Qh3 Bb7 13. f4 Nb4 14. e5 Nxd3 15. exf6 gxf6 16. Qxd3 Qc6 17. Rf3 Rg8 18. Nd4 Qc8 19. Ne4 Ke7 20. Rg3 Ba7 21. Qa3+ 1-0

[Event "SRB-ch Central (Women)"]
[Site "Kragujevac"]
[Date "2015.03.13"]
[Round "6"]
[White "Dizdarevic, Barbara"]
[Black "Drljevic, Ljilja"]
[Result "0-1"]
[WhiteElo "1994"]
[BlackElo "2189"]
[PlyCount "54"]
[EventDate "2015.03.09"]
[EventType "swiss"]
[EventRounds "8"]
[EventCountry "SRB"]
[SourceTitle "CBM 165 Extra"]
[Source "ChessBase"]
[SourceDate "2015.04.21"]
[SourceVersion "1"]
[SourceVersionDate "2015.04.21"]
[SourceQuality "1"]

1. e4 g6 2. d4 Bg7 3. Nf3 d6 4. Bc4 e6 5. Qe2 Ne7 6. Nc3 0-0 7. Bg5 h6 8. Bf4 d5 9. Bd3 Nbc6 10. e5 Nf5 11. h4 f6 12. Qd2 fxe5 13. dxe5 d4 14. Ne2 Qd5 15. Bxf5 Rxf5 16. Nfxd4 Nxd4 17. Nxd4 Qe4+ 18. Ne2 Bxe5 19. Bxh6 Bxb2 20. f3 Qc4 21. Rb1 Rd5 22. Qe3 Qxc2 23. Qe4 Bc3+ 24. Kf2 Bd4+ 25. Kg3 Be5+ 26. Kg4 Rd4 27. Qxd4 Qf5# 0-1

[Event "SRB-ch Central (Women)"]
[Site "Kragujevac"]
[Date "2015.03.09"]
[Round "1"]
[White "Dizdarevic, Barbara"]
[Black "Petrovic, Tamara"]
[Result "0-1"]
[WhiteElo "1994"]
[BlackElo "1902"]
[PlyCount "70"]
[EventDate "2015.03.09"]
[EventType "swiss"]
[EventRounds "8"]
[EventCountry "SRB"]
[SourceTitle "CBM 165 Extra"]
[Source "ChessBase"]
[SourceDate "2015.04.21"]
[SourceVersion "1"]
[SourceVersionDate "2015.04.21"]
[SourceQuality "1"]

1. e4 c5 2. Nf3 d6 3. d4 cxd4 4. Nxd4 Nf6 5. Nc3 a6 6. Be3 e6 7. f3 b5 8. Qd2 Bb7 9. 0-0-0 Nbd7 10. Nb3 Rc8 11. Qf2 Qc7 12. Bxb5 axb5 13. Nxb5 Qc4 14. Na7 Rb8 15. Rd4 Qa6 16. Rd3 Ne5 17. Rc3 Nc4 18. Nd2 Nxe3 19. Qxe3 d5 20. Rb3 dxe4 21. fxe4 Nd7 22. Nb5 Rc8 23. Rd1 Nc5 24. Rb4 Nxe4 25. Rxe4 Bxe4 26. Nc7+ Rxc7 27. Qxe4 Qc6 28. Qd3 Be7 29. g4 Bg5 30. h4 Bxh4 31. Nf3 Bf6 32. g5 Rd7 33. Qe2 Rxd1+ 34. Qxd1 Be7 35. Ne5 Qd6 0-1

[Event "SRB-chT (Women)"]
[Site "Kragujevac"]
[Date "2013.08.29"]
[Round "6.1"]
[White "Dizdarevic, Barbara"]
[Black "Ostojic, Katarina"]
[Result "1-0"]
[WhiteElo "2002"]
[BlackElo "1796"]
[PlyCount "80"]
[EventDate "2013.08.24"]
[EventType "team-tourn"]
[EventRounds "11"]
[EventCountry "SRB"]
[SourceTitle "CBM 156 Extra"]
[Source "ChessBase"]
[SourceDate "2013.10.22"]
[SourceVersion "1"]
[SourceVersionDate "2013.10.22"]
[SourceQuality "1"]
[WhiteTeam "Rudovci Radnicki (W)"]
[BlackTeam "Belgrade Nestor (W)"]
[WhiteTeamCountry "SRB"]
[BlackTeamCountry "SRB"]

1. e4 c6 2. c4 d5 3. exd5 cxd5 4. cxd5 Nf6 5. Qa4+ Nbd7 6. Nc3 g6 7. Nf3 Bg7 8. Bc4 0-0 9. d3 a6 10. Qa3 b6 11. 0-0 Bb7 12. Re1 Re8 13. Ng5 b5 14. Bb3 h6 15. Nge4 Nb6 16. Nxf6+ exf6 17. Rxe8+ Qxe8 18. Be3 Qd8 19. Qc5 Nd7 20. Qb4 Ne5 21. Rd1 f5 22. Bc5 g5 23. d4 Ng6 24. a4 f4 25. axb5 g4 26. Bd6 Qg5 27. Bc2 f3 28. Bxg6 Qxg6 29. Be5 f6 30. Qd6 Qf5 31. Bg3 Kh8 32. bxa6 Bxa6 33. Qf4 Qh5 34. d6 Bd3 35. Rxd3 Qb5 36. Rd1 Qxb2 37. Qc1 Qb3 38. Ne4 fxg2 39. d7 Rd8 40. Nc5 Qb6 1-0

[Event "SRB-ch U20 Girls"]
[Site "Donji Milanovac"]
[Date "2013.08.18"]
[Round "6"]
[White "Milanovic, Maja"]
[Black "Dizdarevic, Barbara"]
[Result "0-1"]
[WhiteElo "1953"]
[BlackElo "2002"]
[PlyCount "64"]
[EventDate "2013.08.15"]
[EventType "tourn"]
[EventRounds "9"]
[EventCountry "SRB"]
[SourceTitle "CBM 156 Extra"]
[Source "ChessBase"]
[SourceDate "2013.10.22"]
[SourceVersion "1"]
[SourceVersionDate "2013.10.22"]
[SourceQuality "1"]

1. e4 c5 2. Nf3 Nc6 3. d4 cxd4 4. Nxd4 e6 5. Nc3 d6 6. Be2 Nf6 7. 0-0 Be7 8. Be3 0-0 9. f4 e5 10. fxe5 dxe5 11. Nf5 Bxf5 12. Rxf5 Rc8 13. a3 Qxd1+ 14. Rxd1 Rfd8 15. Bd3 Ng4 16. Bf2 Nxf2 17. Kxf2 g6 18. Rf3 Nd4 19. Rh3 Bxa3 20. Nd5 Bc5 21. b4 Bf8 22. c3 Ne6 23. Kf1 Nf4 24. Nxf4 exf4 25. Bc2 Rxd1+ 26. Bxd1 Bg7 27. Rd3 Bxc3 28. Rd7 Bxb4 29. Rxb7 a5 30. Bb3 Rc1+ 31. Ke2 Re1+ 32. Kf3 Re3+ 0-1

[Event "SRB-ch U20 Girls"]
[Site "Donji Milanovac"]
[Date "2013.08.16"]
[Round "3"]
[White "Milosevic, Jovana"]
[Black "Dizdarevic, Barbara"]
[Result "1/2-1/2"]
[WhiteElo "1902"]
[BlackElo "2002"]
[PlyCount "133"]
[EventDate "2013.08.15"]
[EventType "tourn"]
[EventRounds "9"]
[EventCountry "SRB"]
[SourceTitle "CBM 156 Extra"]
[Source "ChessBase"]
[SourceDate "2013.10.22"]
[SourceVersion "1"]
[SourceVersionDate "2013.10.22"]
[SourceQuality "1"]

1. Nf3 Nf6 2. c4 g6 3. Nc3 Bg7 4. e4 d6 5. d4 0-0 6. Be2 e5 7. Be3 Ng4 8. Bg5 f6 9. Bh4 exd4 10. Nxd4 Ne5 11. 0-0 h5 12. Bg3 Nbc6 13. Nc2 Be6 14. Ne3 f5 15. exf5 gxf5 16. Bxe5 Nxe5 17. f4 Ng4 18. Qd2 Qf6 19. Rad1 Qf7 20. b3 Rae8 21. Nc2 Kh7 22. Bf3 b6 23. h3 Nf6 24. Nd4 Bc8 25. Qd3 Qg6 26. Ncb5 Rf7 27. Nxa7 Bd7 28. Nab5 Bxb5 29. cxb5 Ne4 30. Rfe1 Nc5 31. Qc4 Rfe7 32. Rxe7 Rxe7 33. b4 Ne4 34. Qd3 Bh6 35. Ne2 h4 36. Qd4 Ng3 37. Nc3 Qe6 38. Nd5 Rg7 39. Nf6+ Kg6 40. Nd5 Kh7 41. Qf2 Qg6 42. a4 Qf7 43. Re1 Ne4 44. Qd4 Qg6 45. Bxe4 fxe4 46. Qxe4 Rf7 47. Qxg6+ Kxg6 48. Re6+ Kg7 49. a5 Bxf4 50. Nxf4 Rxf4 51. Re7+ Kf6 52. Rxc7 Rxb4 53. Rc6 bxa5 54. Rxd6+ Ke5 55. Ra6 Rxb5 56. Kf2 Kf4 57. Rf6+ Rf5 58. Rc6 Ke4+ 59. Ke2 Kd4 60. Rh6 Rf4 61. Ra6 Rf5 62. Rh6 Re5+ 63. Kf3 Re3+ 64. Kf2 Re4 65. Ra6 Rf4+ 66. Ke2 Rf5 67. Rh6 1/2-1/2

[Event "SRB-ch U20 Girls"]
[Site "Donji Milanovac"]
[Date "2013.08.16"]
[Round "1"]
[White "Petrovic, Danijela"]
[Black "Dizdarevic, Barbara"]
[Result "0-1"]
[WhiteElo "1923"]
[BlackElo "2002"]
[PlyCount "50"]
[EventDate "2013.08.15"]
[EventType "tourn"]
[EventRounds "9"]
[EventCountry "SRB"]
[SourceTitle "CBM 156 Extra"]
[Source "ChessBase"]
[SourceDate "2013.10.22"]
[SourceVersion "1"]
[SourceVersionDate "2013.10.22"]
[SourceQuality "1"]

1. e4 c5 2. Nf3 Nc6 3. d4 cxd4 4. Nxd4 e6 5. Nxc6 bxc6 6. c4 Qb6 7. Qc2 Bc5 8. a3 Nf6 9. b4 Bd4 10. c5 Qc7 11. Ra2 a5 12. f4 axb4 13. h3 b3 14. Qxb3 Nxe4 15. Qd3 Qa5+ 16. Nd2 Bf2+ 17. Kd1 Nc3+ 18. Kc2 Nxa2 19. Bb2 Rb8 20. Ne4 Bxc5 21. Bxg7 Rf8 22. Qc4 Qxa3 23. Nxc5 Rb4 24. Qe2 Qc1+ 25. Kd3 Qc4+ 0-1

[Event "SRB-ch U20 Girls"]
[Site "Donji Milanovac"]
[Date "2013.08.15"]
[Round "2"]
[White "Dizdarevic, Barbara"]
[Black "Rakic, Teodora"]
[Result "0-1"]
[WhiteElo "2002"]
[BlackElo "1877"]
[PlyCount "94"]
[EventDate "2013.08.15"]
[EventType "tourn"]
[EventRounds "9"]
[EventCountry "SRB"]
[SourceTitle "CBM 156 Extra"]
[Source "ChessBase"]
[SourceDate "2013.10.22"]
[SourceVersion "1"]
[SourceVersionDate "2013.10.22"]
[SourceQuality "1"]

1. e4 d6 2. d4 g6 3. Nf3 Bg7 4. Bc4 Nf6 5. Nc3 0-0 6. Qe2 c6 7. e5 dxe5 8. dxe5 Nd5 9. Nxd5 cxd5 10. Bb3 Nc6 11. h3 a6 12. c3 b5 13. 0-0 e6 14. Rd1 Qc7 15. Bf4 Bb7 16. Rac1 Rfd8 17. a4 Na5 18. Bc2 bxa4 19. Bxa4 Qc4 20. Qxc4 Nxc4 21. Rc2 Rdc8 22. Bb3 Rab8 23. Rd4 Ba8 24. Bxc4 Rxc4 25. Rxc4 dxc4 26. Nd2 Bd5 27. Nf1 Rb5 28. Ne3 Kf8 29. Rd2 h6 30. Bg3 Ke7 31. f4 Rc5 32. Bf2 Rb5 33. Kf1 g5 34. g3 Ke8 35. Ke1 Kf8 36. Kd1 Kg8 37. Kc1 Bf8 38. f5 Ra5 39. b4 cxb3 40. Nxd5 Ra1+ 41. Kb2 Ra2+ 42. Kc1 Ba3+ 43. Kd1 exd5 44. c4 b2 45. Rxb2 Rxb2 46. Bd4 Rb1+ 47. Kc2 Rb4 0-1

[Event "EU-ch (Women) 14th"]
[Site "Belgrade"]
[Date "2013.08.03"]
[Round "11"]
[White "Dizdarevic, Barbara"]
[Black "Coimbra, Margarida Goncalves"]
[Result "1/2-1/2"]
[WhiteElo "1981"]
[BlackElo "2093"]
[PlyCount "84"]
[EventDate "2013.07.23"]
[EventType "swiss"]
[EventRounds "11"]
[EventCountry "SRB"]
[SourceTitle "CBM 155 Extra"]
[Source "ChessBase"]
[SourceDate "2013.08.26"]
[SourceVersion "1"]
[SourceVersionDate "2013.08.26"]
[SourceQuality "1"]

1. e4 e5 2. Nf3 Nc6 3. Bc4 Bc5 4. c3 Nf6 5. d3 d6 6. 0-0 Bb6 7. Bb3 Ne7 8. Nbd2 c6 9. Nc4 Bc7 10. Re1 Ng6 11. d4 0-0 12. dxe5 dxe5 13. Bg5 h6 14. Qxd8 Rxd8 15. Bxf6 gxf6 16. Ne3 Be6 17. Nf5 Bxf5 18. exf5 Nf4 19. g3 Nd3 20. Re2 Bb6 21. Kg2 Rd7 22. Bc4 Rad8 23. b4 a5 24. a3 Bc7 25. Nh4 b5 26. Ba2 axb4 27. axb4 Bb6 28. Bb3 Ra7 29. Rxa7 Bxa7 30. Ra2 Bxf2 31. Ra6 Rd6 32. Ng6 Kg7 33. Ne7 Rd7 34. Nxc6 Be1 35. c4 bxc4 36. Bxc4 Nxb4 37. Nxb4 Bxb4 38. Kf3 Rc7 39. Bd5 Bc3 40. Ra3 Bd4 41. h3 Rd7 42. Ke4 Rc7 1/2-1/2

[Event "EU-ch (Women) 14th"]
[Site "Belgrade"]
[Date "2013.08.02"]
[Round "10"]
[White "Bokuchava, Madona"]
[Black "Dizdarevic, Barbara"]
[Result "1-0"]
[WhiteElo "2109"]
[BlackElo "1981"]
[PlyCount "61"]
[EventDate "2013.07.23"]
[EventType "swiss"]
[EventRounds "11"]
[EventCountry "SRB"]
[SourceTitle "CBM 155 Extra"]
[Source "ChessBase"]
[SourceDate "2013.08.26"]
[SourceVersion "1"]
[SourceVersionDate "2013.08.26"]
[SourceQuality "1"]

1. d4 Nf6 2. Nf3 g6 3. Bg5 Ne4 4. Bf4 Bg7 5. Nbd2 d5 6. e3 Nd7 7. Nxe4 dxe4 8. Nd2 f5 9. h4 Nf6 10. c3 e6 11. Be2 h6 12. g4 Nd5 13. Bg3 g5 14. hxg5 hxg5 15. Rxh8+ Bxh8 16. gxf5 exf5 17. Bb5+ Kf8 18. Qh5 Bf6 19. 0-0-0 c6 20. Bc4 Be6 21. Qh6+ Ke8 22. Be5 Kf7 23. Qh7+ Kf8 24. Qg6 Bxe5 25. Qxe6 Bf6 26. Qxf5 b5 27. Bxd5 cxd5 28. Rh1 Ke7 29. Rh7+ Kd6 30. Rh6 Ke7 31. Qxf6+ 1-0

[Event "EU-ch (Women) 14th"]
[Site "Belgrade"]
[Date "2013.07.28"]
[Round "6"]
[White "Dizdarevic, Barbara"]
[Black "Korbovljanovic, Natasa"]
[Result "1-0"]
[WhiteElo "1981"]
[BlackElo "1877"]
[PlyCount "45"]
[EventDate "2013.07.23"]
[EventType "swiss"]
[EventRounds "11"]
[EventCountry "SRB"]
[SourceTitle "CBM 155 Extra"]
[Source "ChessBase"]
[SourceDate "2013.08.26"]
[SourceVersion "1"]
[SourceVersionDate "2013.08.26"]
[SourceQuality "1"]

1. e4 e5 2. Nf3 Nf6 3. d4 Nxe4 4. dxe5 d5 5. Bd3 Nc5 6. 0-0 Be7 7. Nc3 c6 8. Nd4 0-0 9. Bf5 Ne6 10. Bxe6 Bxe6 11. f4 c5 12. Nb3 d4 13. Ne4 Bxb3 14. axb3 Qd7 15. f5 Re8 16. Qg4 Nc6 17. Bh6 g6 18. e6 Qd5 19. exf7+ Qxf7 20. f6 Bf8 21. Ng5 Ne5 22. Qh4 Qd7 23. f7+ 1-0

[Event "EU-ch (Women) 14th"]
[Site "Belgrade"]
[Date "2013.07.27"]
[Round "5"]
[White "Rakic, Teodora"]
[Black "Dizdarevic, Barbara"]
[Result "1-0"]
[WhiteElo "1862"]
[BlackElo "1981"]
[PlyCount "103"]
[EventDate "2013.07.23"]
[EventType "swiss"]
[EventRounds "11"]
[EventCountry "SRB"]
[SourceTitle "CBM 155 Extra"]
[Source "ChessBase"]
[SourceDate "2013.08.26"]
[SourceVersion "1"]
[SourceVersionDate "2013.08.26"]
[SourceQuality "1"]

1. d4 Nf6 2. c4 g6 3. Nc3 Bg7 4. e4 d6 5. h3 0-0 6. Be3 e5 7. d5 a5 8. Nge2 Na6 9. g4 c6 10. Ng3 cxd5 11. cxd5 Nc5 12. Qd2 a4 13. Be2 Bd7 14. f3 Rb8 15. Kf2 b5 16. Rag1 Kh8 17. h4 b4 18. Nd1 Qb6 19. Kg2 Bb5 20. h5 Ng8 21. hxg6 fxg6 22. Rxh7+ Kxh7 23. Rh1+ Nh6 24. Bxb5 Qxb5 25. Bxh6 Rh8 26. Qg5 Kg8 27. Qxg6 Rxh6 28. Rxh6 Nd3 29. Nh5 Rb7 30. Qe6+ Rf7 31. Rg6 Nf4+ 32. Nxf4 exf4 33. Rg5 Qc5 34. Rf5 Qc7 35. Qe8+ Bf8 36. Qxf7+ Qxf7 37. Rxf7 Kxf7 38. Kf2 Bg7 39. Ke2 Kg6 40. b3 axb3 41. axb3 Kg5 42. Nf2 Be5 43. Nd3 Bc3 44. Kf1 Kh4 45. Kf2 Kg5 46. Ke2 Kf6 47. Nxf4 Ke5 48. Ne6 Bb2 49. Kd2 Ba1 50. Kd3 Bc3 51. f4+ Kf6 52. g5+ 1-0

[Event "EU-ch (Women) 14th"]
[Site "Belgrade"]
[Date "2013.07.26"]
[Round "4"]
[White "Dizdarevic, Barbara"]
[Black "Makka, Ioulia"]
[Result "0-1"]
[WhiteElo "1981"]
[BlackElo "2171"]
[PlyCount "208"]
[EventDate "2013.07.23"]
[EventType "swiss"]
[EventRounds "11"]
[EventCountry "SRB"]
[SourceTitle "CBM 155 Extra"]
[Source "ChessBase"]
[SourceDate "2013.08.26"]
[SourceVersion "1"]
[SourceVersionDate "2013.08.26"]
[SourceQuality "1"]

1. e4 c6 2. c4 d5 3. exd5 cxd5 4. cxd5 Nf6 5. Qa4+ Nbd7 6. Nc3 g6 7. Bc4 Bg7 8. Nf3 0-0 9. d3 a6 10. Qa3 b6 11. 0-0 Bb7 12. Re1 Re8 13. Be3 b5 14. Bb3 Nb6 15. Bxb6 Qxb6 16. Qb4 Qd8 17. d6 Qxd6 18. Qxd6 exd6 19. Ng5 d5 20. d4 Rad8 21. Rad1 h6 22. Nf3 Ne4 23. Re3 Nxc3 24. Rxc3 Rc8 25. Kf1 Rxc3 26. bxc3 Rc8 27. Rd3 a5 28. Ke1 a4 29. Bd1 f6 30. Re3 Kf7 31. Be2 Bc6 32. Kd2 Bf8 33. Bd3 Bd6 34. g3 g5 35. Ne1 b4 36. c4 dxc4 37. Bxc4+ Kg7 38. Re6 Rd8 39. Nc2 Be8 40. Ne3 Bg6 41. Bb5 b3 42. axb3 Bb4+ 43. Kc1 Ba3+ 44. Kd2 axb3 45. Nc4 Bb4+ 46. Kc1 Rxd4 47. Kb2 Bc2 48. Rc6 Rd1 49. Rc7+ Kf8 50. Na3 Bxa3+ 51. Kxa3 Rd2 52. Rc8+ Ke7 53. Re8+ Kf7 54. Re2 Rxe2 55. Bxe2 Ke6 56. Bc4+ Ke5 57. Kb2 Ke4 58. Be2 Kd4 59. Bf1 Bd3 60. Bh3 Bc4 61. Bf5 Ke5 62. Bh3 Bf7 63. Bg2 Kd4 64. Bf1 f5 65. Be2 Be6 66. h3 Ke4 67. Kc3 f4 68. h4 gxh4 69. gxh4 f3 70. Bd3+ Kf4 71. h5 Kg4 72. Be4 Bf7 73. Bg6 Be6 74. Be4 Bf5 75. Bd5 Bc2 76. Kd2 Kxh5 77. Bxf3+ Kg5 78. Be2 Kg6 79. Kc3 h5 80. f4 h4 81. Bg4 Bf5 82. Bf3 Be6 83. Bg2 Kh5 84. Bf3+ Bg4 85. Bg2 Bd1 86. Bh3 Bc2 87. Be6 Kg6 88. Bh3 Bf5 89. Bg2 Be6 90. Kb2 Bc4 91. Bh3 Kh5 92. Kc3 Bd5 93. Bf5 Kh6 94. Bh3 Kg6 95. Bg4 Kf6 96. Bh3 Ke7 97. Bg4 Be6 98. f5 Bf7 99. Bh3 Kf6 100. Kb2 Kg5 101. Kc3 Kf4 102. Kb2 Kg3 103. Bf1 h3 104. Bb5 Kf4 0-1

[Event "Skopje Karposh op"]
[Site "Skopje"]
[Date "2013.03.14"]
[Round "7"]
[White "Cherednichenko, Elena"]
[Black "Dizdarevic, Barbara"]
[Result "1-0"]
[WhiteElo "2175"]
[BlackElo "1981"]
[PlyCount "83"]
[EventDate "2013.03.09"]
[EventType "swiss"]
[EventRounds "9"]
[EventCountry "MKD"]
[SourceTitle "CBM 153 Extra"]
[Source "ChessBase"]
[SourceDate "2013.04.22"]
[SourceVersion "1"]
[SourceVersionDate "2013.04.22"]
[SourceQuality "1"]

1. d4 Nf6 2. Nf3 g6 3. Nc3 d5 4. Bf4 Bg7 5. e3 0-0 6. Be2 Nbd7 7. h4 c6 8. Qd2 Ne4 9. Nxe4 dxe4 10. Ng5 Nf6 11. Be5 Bf5 12. c3 Bh6 13. Qc2 Qd5 14. b3 Nd7 15. Bc7 c5 16. g4 cxd4 17. cxd4 Bxg5 18. gxf5 Bf6 19. fxg6 hxg6 20. Bc4 Qf5 21. Qe2 a6 22. b4 Rac8 23. Bg3 b5 24. Bb3 Rc3 25. h5 g5 26. h6 Kh7 27. Qh5 e6 28. Bd6 Bxd4 29. exd4 Rfc8 30. Bd1 e3 31. f4 Rc1 32. Rxc1 Rxc1 33. 0-0 g4 34. Qxg4 Qxg4+ 35. Bxg4 Rc2 36. f5 e5 37. f6 Rc6 38. dxe5 Nb6 39. Bc5 Kxh6 40. Bxe3+ Kg6 41. Bf5+ Kh5 42. Kg2 1-0

[Event "Skopje Karposh op"]
[Site "Skopje"]
[Date "2013.03.11"]
[Round "4"]
[White "Dizdarevic, Barbara"]
[Black "Zozulia, Anna"]
[Result "1/2-1/2"]
[WhiteElo "1981"]
[BlackElo "2336"]
[PlyCount "98"]
[EventDate "2013.03.09"]
[EventType "swiss"]
[EventRounds "9"]
[EventCountry "MKD"]
[SourceTitle "CBM 153 Extra"]
[Source "ChessBase"]
[SourceDate "2013.04.22"]
[SourceVersion "1"]
[SourceVersionDate "2013.04.22"]
[SourceQuality "1"]

1. e4 c5 2. Nf3 e6 3. d4 cxd4 4. Nxd4 a6 5. Nc3 b5 6. Be3 Bb7 7. f3 Nc6 8. Be2 Qc7 9. 0-0 Nf6 10. Kh1 Be7 11. Qe1 0-0 12. Rd1 Rac8 13. Nxc6 Bxc6 14. Bd3 d5 15. exd5 Nxd5 16. Nxd5 Bxd5 17. Bd4 Qf4 18. Be5 Qg5 19. Bg3 Qh5 20. f4 Bd6 21. f5 Qh3 22. Rd2 Bxg3 23. Qxg3 Qxg3 24. hxg3 Bb7 25. g4 e5 26. Re1 f6 27. g5 Rfd8 28. Red1 Rd4 29. gxf6 gxf6 30. c3 Rg4 31. Bxb5 axb5 32. Rd8+ Kg7 33. R8d7+ Kh6 34. Rxb7 Rcg8 35. Rd6 Kg5 36. Rxh7 Kxf5 37. Rh5+ Ke4 38. Rh2 f5 39. Kg1 f4 40. Kf1 Rg3 41. Kf2 Rd3 42. Rxd3 Kxd3 43. Rh6 e4 44. Rd6+ Kc2 45. Rd4 Re8 46. Rb4 Kd2 47. Rd4+ Kc2 48. Rb4 Kd2 49. Rd4+ Kc2 1/2-1/2

[Event "Belgrade-ch (Women)"]
[Site "Belgrade"]
[Date "2013.01.28"]
[Round "6"]
[White "Dizdarevic, Barbara"]
[Black "Milenkovic, Jelena"]
[Result "1-0"]
[WhiteElo "2006"]
[BlackElo "1514"]
[PlyCount "41"]
[EventDate "2013.01.23"]
[EventType "swiss"]
[EventRounds "9"]
[EventCountry "SRB"]
[SourceTitle "EXT 2014"]
[Source "ChessBase"]
[SourceDate "2013.11.20"]
[SourceVersion "1"]
[SourceVersionDate "2013.11.20"]
[SourceQuality "1"]

1. e4 e5 2. Nf3 Nc6 3. Bc4 Bc5 4. 0-0 Nf6 5. d4 Bxd4 6. Nxd4 Nxd4 7. f4 Qe7 8. fxe5 Qxe5 9. Bf4 Qc5 10. Bxf7+ Kxf7 11. Be3 Rf8 12. Bxd4 Qg5 13. e5 d6 14. exf6 g6 15. Qe2 Re8 16. Qc4+ Kf8 17. Qxc7 Qh6 18. Qxd6+ Kf7 19. Qc7+ Kf8 20. Bc5+ Kg8 21. f7+ 1-0

[Event "Belgrade-ch (Women)"]
[Site "Belgrade"]
[Date "2013.01.24"]
[Round "2"]
[White "Rudovic, Anja"]
[Black "Dizdarevic, Barbara"]
[Result "0-1"]
[WhiteElo "1570"]
[BlackElo "2006"]
[PlyCount "45"]
[EventDate "2013.01.23"]
[EventType "swiss"]
[EventRounds "9"]
[EventCountry "SRB"]
[SourceTitle "EXT 2014"]
[Source "ChessBase"]
[SourceDate "2013.11.20"]
[SourceVersion "1"]
[SourceVersionDate "2013.11.20"]
[SourceQuality "1"]

1. e4 c5 2. Nf3 Nc6 3. d4 cxd4 4. Nxd4 g6 5. Nc3 Bg7 6. Be3 Nf6 7. Nxc6 bxc6 8. e5 Ng8 9. Bd4 Qa5 10. e6 Nf6 11. exd7+ Bxd7 12. Bc4 Rd8 13. Qe2 Bh3 14. 0-0-0 Bxg2 15. Rhe1 0-0 16. Qxe7 Bf3 17. Bxf6 Bxd1 18. Rxd1 Bh6+ 19. Kb1 Rxd1+ 20. Nxd1 Qd2 21. Bxf7+ Rxf7 22. Qd8+ Qxd8 23. Bxd8 0-1

[Event "SRB Kadetski festival U18 Girls 6th"]
[Site "Vrnjacka Banja"]
[Date "2012.04.16"]
[Round "9"]
[White "Dizdarevic, Barbara"]
[Black "Zlatanovic, Jovana"]
[Result "1-0"]
[WhiteElo "2042"]
[BlackElo "1776"]
[PlyCount "55"]
[EventDate "2012.04.10"]
[EventType "tourn"]
[EventRounds "9"]
[EventCountry "SRB"]
[SourceTitle "CBM 148 Extra"]
[Source "ChessBase"]
[SourceDate "2012.06.22"]
[SourceVersion "1"]
[SourceVersionDate "2012.06.22"]
[SourceQuality "1"]

1. e4 c5 2. Nf3 Nc6 3. d4 cxd4 4. Nxd4 Qb6 5. Nb3 Nf6 6. Nc3 a6 7. Be3 Qc7 8. Be2 e6 9. 0-0 b5 10. a3 d6 11. f4 Bb7 12. Bf3 Be7 13. Qe1 0-0 14. Qg3 Rfe8 15. Kh1 Bf8 16. Rae1 Rad8 17. e5 dxe5 18. fxe5 Nd7 19. Bg5 Rb8 20. Ne4 Kh8 21. Nd6 Bxd6 22. exd6 Qb6 23. Bxc6 Qxc6 24. Rxf7 Nf8 25. Be7 Ng6 26. Nd4 Qd5 27. Nxe6 h5 28. Qxg6 1-0

[Event "SRB Kadetski festival U18 Girls 6th"]
[Site "Vrnjacka Banja"]
[Date "2012.04.11"]
[Round "3"]
[White "Dizdarevic, Barbara"]
[Black "Nonkovic, Bogdana"]
[Result "0-1"]
[WhiteElo "2042"]
[BlackElo "1900"]
[PlyCount "124"]
[EventDate "2012.04.10"]
[EventType "tourn"]
[EventRounds "9"]
[EventCountry "SRB"]
[SourceTitle "CBM 148 Extra"]
[Source "ChessBase"]
[SourceDate "2012.06.22"]
[SourceVersion "1"]
[SourceVersionDate "2012.06.22"]
[SourceQuality "1"]

1. e4 d6 2. d4 Nf6 3. Nc3 e5 4. Nf3 Nbd7 5. g4 Nxg4 6. Rg1 Ngf6 7. Be3 g6 8. Qd2 h6 9. 0-0-0 exd4 10. Bxd4 Bg7 11. e5 dxe5 12. Bxe5 0-0 13. Bxf6 Qxf6 14. Nd4 c6 15. Ne4 Qe5 16. Nc3 Nb6 17. f4 Qxd4 18. Qxd4 Bxd4 19. Rxd4 Bf5 20. Ne2 Rad8 21. Rxd8 Rxd8 22. Ng3 Bc8 23. f5 Nd5 24. Bc4 b5 25. Bd3 g5 26. Be4 Kf8 27. b3 Bb7 28. Rd1 Ke8 29. Nh5 Ba6 30. Bxd5 cxd5 31. Nf6+ Kf8 32. Nxd5 Bb7 33. Ne3 Rxd1+ 34. Kxd1 Ke7 35. a4 bxa4 36. bxa4 Bc6 37. a5 Kd6 38. Kd2 Kc5 39. Kd3 h5 40. f6 g4 41. Nf5 Bd5 42. Ng3 h4 43. Ne4+ Bxe4+ 44. Kxe4 g3 45. hxg3 hxg3 46. Kf3 Kb5 47. Kxg3 Kxa5 48. Kf4 Kb4 49. Kg5 a5 50. Kh6 a4 51. Kg7 a3 52. Kxf7 a2 53. Ke8 a1Q 54. f7 Qe5+ 55. Kd7 Qf6 56. Ke8 Qe6+ 57. Kf8 Kc5 58. Kg7 Qg4+ 59. Kf6 Qf4+ 60. Kg7 Qg5+ 61. Kh7 Qf6 62. Kg8 Qg6+ 0-1

[Event "Belgrade (Women) 44th"]
[Site "Belgrade"]
[Date "2012.03.10"]
[Round "8"]
[White "Eric, Jovana"]
[Black "Dizdarevic, Barbara"]
[Result "0-1"]
[WhiteElo "2243"]
[BlackElo "2042"]
[PlyCount "60"]
[EventDate "2012.03.03"]
[EventType "tourn"]
[EventRounds "9"]
[EventCountry "SRB"]
[SourceTitle "CBM 147 Extra"]
[Source "ChessBase"]
[SourceDate "2012.04.24"]
[SourceVersion "1"]
[SourceVersionDate "2012.04.24"]
[SourceQuality "1"]

1. e4 c5 2. Nf3 Nc6 3. Nc3 g6 4. d4 cxd4 5. Nxd4 Bg7 6. Be3 Nf6 7. Bc4 0-0 8. Bb3 a5 9. a4 d6 10. h3 Bd7 11. 0-0 Qc8 12. f4 Nh5 13. Nd5 Qd8 14. Nxc6 Bxc6 15. Bb6 Qd7 16. Bd4 b5 17. axb5 Bxb5 18. c4 Bc6 19. e5 Bxd5 20. cxd5 Nxf4 21. Rxf4 dxe5 22. Bxe5 Bxe5 23. Rf2 Qa7 24. Kf1 Bd4 25. Rd2 Qa6+ 26. Qe2 Qf6+ 27. Ke1 Rab8 28. Rd3 Bxb2 29. Rf3 Qh4+ 30. g3 Qb4+ 0-1

[Event "Belgrade-chT Quality"]
[Site "Belgrade"]
[Date "2011.11.03"]
[Round "10"]
[White "Adamovic, Strahinja"]
[Black "Dizdarevic, Barbara"]
[Result "0-1"]
[WhiteElo "2090"]
[BlackElo "1962"]
[PlyCount "76"]
[EventDate "2011.10.15"]
[EventType "team-swiss"]
[EventRounds "11"]
[EventCountry "SRB"]
[SourceTitle "EXT 2012"]
[Source "ChessBase"]
[SourceDate "2011.11.24"]
[SourceVersion "1"]
[SourceVersionDate "2011.11.24"]
[SourceQuality "1"]

1. e4 c5 2. Nf3 Nc6 3. d4 cxd4 4. Nxd4 g6 5. Nc3 Bg7 6. Be3 Nf6 7. Bc4 0-0 8. Bb3 d6 9. f3 Bd7 10. Qd2 Rc8 11. 0-0-0 Na5 12. Bh6 a6 13. h4 Nxb3+ 14. axb3 Qa5 15. Kb1 Rc5 16. Bxg7 Kxg7 17. g4 h5 18. b4 Qxb4 19. Nb3 Rc4 20. e5 Ne8 21. gxh5 Rxh4 22. Qg5 Rxh1 23. Rxh1 Rh8 24. h6+ Kg8 25. Nd5 Qb5 26. Nxe7+ Kh7 27. Nxg6 Rg8 28. Qe7 Be6 29. Nd4 Ba2+ 30. Kc1 Qa4 31. Nb3 Bxb3 32. cxb3 Qa1+ 33. Kc2 Qxh1 34. Nf8+ Kxh6 35. Qxe8 Qg2+ 36. Kb1 Qxf3 37. exd6 Qxb3 38. Qe1 Rxf8 0-1